Countries containing MB - Statistics

General Stats
  • This quiz has been taken 36 times
  • The average score is 5 of 7
Answer Stats
Answer % Correct
Zambia
91%
Zimbabwe
88%
Gambia
75%
Cambodia
69%
Colombia
63%
Mozambique
47%
Luxembourg
44%
No matching quizzes found
Score Distribution
Percent of People with Each Score
Percentile by Number Answered
Your Score History
You have not taken this quiz